<?xml version="1.0" encoding="UTF-8"?>
<record
    xmlns:xsi="http://www.w3.org/2001/XMLSchema-instance"
    xsi:schemaLocation="http://www.loc.gov/MARC21/slim http://www.loc.gov/standards/marcxml/schema/MARC21slim.xsd"
    xmlns="http://www.loc.gov/MARC21/slim">

  <leader>02167nam a22003137a 4500</leader>
  <datafield tag="999" ind1=" " ind2=" ">
    <subfield code="c">21753</subfield>
    <subfield code="d">21753</subfield>
  </datafield>
  <controlfield tag="003">AR-CdUCM</controlfield>
  <controlfield tag="008">190425b           ||||| |||| 00| 0 spa d</controlfield>
  <datafield tag="040" ind1=" " ind2=" ">
    <subfield code="a">MUNICIPALIDAD PROVINCIAL DEL CUSCO</subfield>
    <subfield code="c">BIBLIOTECA MUNICIPAL DEL CUSCO</subfield>
  </datafield>
  <datafield tag="082" ind1=" " ind2=" ">
    <subfield code="a">Rev.Univ/N&#xB0;99/1950</subfield>
  </datafield>
  <datafield tag="110" ind1=" " ind2=" ">
    <subfield code="a">Universidad Nacional de San Antonio Abad del Cusco</subfield>
    <subfield code="9">15942</subfield>
  </datafield>
  <datafield tag="245" ind1=" " ind2=" ">
    <subfield code="a">Revista Universitaria :</subfield>
    <subfield code="b">&#xD3;rgano de la Universidad del Cuzco /</subfield>
  </datafield>
  <datafield tag="260" ind1=" " ind2=" ">
    <subfield code="a">Cusco :</subfield>
    <subfield code="b">H.G. Rozas,</subfield>
    <subfield code="c">1950.</subfield>
  </datafield>
  <datafield tag="300" ind1=" " ind2=" ">
    <subfield code="a">365 p&#xE1;ginas. :</subfield>
    <subfield code="c">20 cm.</subfield>
  </datafield>
  <datafield tag="440" ind1=" " ind2=" ">
    <subfield code="a">Revista Universitaria</subfield>
    <subfield code="n">A&#xF1;o XXXIX, 2&#xB0; semestre 1950, N&#xB0;99.</subfield>
    <subfield code="9">45970</subfield>
  </datafield>
  <datafield tag="505" ind1=" " ind2=" ">
    <subfield code="a">Contenido: Sobre el sentido de lo universitario. Daniel E. Castillo V. -- Los criminales de Guerra. Luis Felipe Paredes. -- Machupicchu. Jorge Cornejo Bouroncle. -- El origen de Machu Picchu. Hiram Bingham. -- Aspecto econ&#xF3;mico de Viru una comunidad de la Costa Norte del Per&#xFA;. Oscar N&#xFA;&#xF1;ez del Prado. -- Los Ayllus Reales de San Sebasti&#xE1;n. Maximiliano Moscoso. -- Trama filos&#xF3;fica de la educaci&#xF3;n. Fernando Manrique. -- Breve historia del radar antes y durante la ultima guerra. Hans Rothgiesser. -- Observaciones geol&#xF3;gicas sobre los deslizamientos en la quebrada Ampay. Carlos Kalafatovich V. -- Distribuci&#xF3;n Geogr&#xE1;fica de los principales Mam&#xED;feros peruanos. Jorge Ch&#xE1;vez Chaparro. -- Notas fenol&#xF3;gicas sobre la vegetaci&#xF3;n de los alrededores del Cuzco. Felipe Mar&#xED;n. -- Determinaci&#xF3;n de la glicerina en el residuo de la fabricaci&#xF3;n de jabones. Ernesto Montesinos. -- Consideraciones en torno a la l&#xF3;gica formal y la l&#xF3;gica dial&#xE9;ctica. Carlos N&#xFA;&#xF1;ez Anavitarte. -- Cartas ap&#xF3;crifas. Jorge Cornejo Bouroncle.</subfield>
  </datafield>
  <datafield tag="650" ind1=" " ind2=" ">
    <subfield code="a">Machupicchu</subfield>
    <subfield code="9">1751</subfield>
  </datafield>
  <datafield tag="650" ind1=" " ind2=" ">
    <subfield code="a">Ayllus reales</subfield>
    <subfield code="9">45971</subfield>
  </datafield>
  <datafield tag="650" ind1=" " ind2=" ">
    <subfield code="a">San Sebasti&#xE1;n</subfield>
    <subfield code="9">8695</subfield>
  </datafield>
  <datafield tag="650" ind1=" " ind2=" ">
    <subfield code="a">Vegetaci&#xF3;n cusque&#xF1;a</subfield>
    <subfield code="9">45972</subfield>
  </datafield>
  <datafield tag="650" ind1=" " ind2=" ">
    <subfield code="a">Geolog&#xED;a Apur&#xED;mac </subfield>
    <subfield code="9">45973</subfield>
  </datafield>
  <datafield tag="700" ind1=" " ind2=" ">
    <subfield code="a">Cornejo Bouroncle, Jorge</subfield>
    <subfield code="9">15278</subfield>
  </datafield>
  <datafield tag="700" ind1=" " ind2=" ">
    <subfield code="a">Paredes, Luis Felipe</subfield>
    <subfield code="9">16077</subfield>
  </datafield>
  <datafield tag="700" ind1=" " ind2=" ">
    <subfield code="a">N&#xFA;&#xF1;ez del Prado, Oscar</subfield>
    <subfield code="9">5531</subfield>
  </datafield>
  <datafield tag="700" ind1=" " ind2=" ">
    <subfield code="a">Villanueva Urteaga, Horacio</subfield>
    <subfield code="9">5790</subfield>
  </datafield>
  <datafield tag="700" ind1=" " ind2=" ">
    <subfield code="a">Ch&#xE1;vez Chaparro, Jorge</subfield>
    <subfield code="9">45974</subfield>
  </datafield>
  <datafield tag="710" ind1=" " ind2=" ">
    <subfield code="a">Universidad Nacional de San Antonio Abad del Cusco</subfield>
    <subfield code="9">15942</subfield>
  </datafield>
  <datafield tag="942" ind1=" " ind2=" ">
    <subfield code="2">ddc</subfield>
    <subfield code="c">PP</subfield>
  </datafield>
  <datafield tag="945" ind1=" " ind2=" ">
    <subfield code="a">rac</subfield>
  </datafield>
  <datafield tag="952" ind1=" " ind2=" ">
    <subfield code="0">0</subfield>
    <subfield code="2">ddc</subfield>
    <subfield code="4">0</subfield>
    <subfield code="7">0</subfield>
    <subfield code="a">HEM</subfield>
    <subfield code="b">HEM</subfield>
    <subfield code="c">CART</subfield>
    <subfield code="d">2021-07-02</subfield>
    <subfield code="g">10.00</subfield>
    <subfield code="o">Rev.Univ/N&#xB0;99/1950</subfield>
    <subfield code="p">REVC000133</subfield>
    <subfield code="r">2021-07-02</subfield>
    <subfield code="y">PP</subfield>
  </datafield>
  <datafield tag="952" ind1=" " ind2=" ">
    <subfield code="0">0</subfield>
    <subfield code="2">ddc</subfield>
    <subfield code="4">0</subfield>
    <subfield code="7">0</subfield>
    <subfield code="a">HEM</subfield>
    <subfield code="b">HEM</subfield>
    <subfield code="c">CART</subfield>
    <subfield code="d">2021-07-02</subfield>
    <subfield code="g">10.00</subfield>
    <subfield code="o">Rev.Univ/N&#xB0;99/1950/e.2</subfield>
    <subfield code="p">REVC000134</subfield>
    <subfield code="r">2021-07-02</subfield>
    <subfield code="y">PP</subfield>
  </datafield>
</record>
